Fasana e Azad (Record no. 16836)

000 -LEADER
fixed length control field 00287nam a22001217a 4500
008 - FIXED-LENGTH DATA ELEMENTS--GENERAL INFORMATION
fixed length control field 140108t xxu||||| |||| 00| 0 eng d
020 ## - INTERNATIONAL STANDARD BOOK NUMBER
International Standard Book Number 969-35-1576-5
100 ## - MAIN ENTRY--PERSONAL NAME
Personal name pandath rathan nath sarshar
9 (RLIN) 1370
245 ## - TITLE STATEMENT
Title Fasana e Azad
300 ## - PHYSICAL DESCRIPTION
Extent 000
440 ## - SERIES STATEMENT/ADDED ENTRY--TITLE
Volume/sequential designation vol. II
9 (RLIN) 567
942 ## - ADDED ENTRY ELEMENTS (KOHA)
Source of classification or shelving scheme
Koha item type Book
Holdings
Withdrawn status Lost status Source of classification or shelving scheme Damaged status Not for loan Collection code Permanent Location Current Location Date acquired Total Checkouts Full call number Barcode Date last seen Price effective from Koha item type
            Atta-ur-Rahman School of Applied Biosciences (ASAB) Atta-ur-Rahman School of Applied Biosciences (ASAB) 12/17/2015   Fic Nat ASAB2933 12/17/2015 12/17/2015 Book
            Atta-ur-Rahman School of Applied Biosciences (ASAB) Atta-ur-Rahman School of Applied Biosciences (ASAB) 12/17/2015   Fic Nat ASAB2932 12/17/2015 12/17/2015 Book
            Atta-ur-Rahman School of Applied Biosciences (ASAB) Atta-ur-Rahman School of Applied Biosciences (ASAB) 01/08/2014   Fic Nat ASAB2912 01/08/2014 01/08/2014 Book
            Atta-ur-Rahman School of Applied Biosciences (ASAB) Atta-ur-Rahman School of Applied Biosciences (ASAB) 01/08/2014   Fic Nat ASAB2911 12/17/2015 01/08/2014 Book
            Atta-ur-Rahman School of Applied Biosciences (ASAB) Atta-ur-Rahman School of Applied Biosciences (ASAB) 01/08/2014   Fic Nat ASAB2913 12/17/2015 01/08/2014 Book
© 2023 Central Library, National University of Sciences and Technology. All Rights Reserved.